Studenti, kteří odcházejí: kvantitativní analýza nedokončených vysokoškolských studií

Štruktúra populácie odchádzajúcich študentov, ktorí neúspešne ukončili vysokoškolské štúdium alebo prestúpili do iných vzdelávacích inštitúcií. Príčiny odchodov a ich načasovanie.

Saved in:
Bibliographic Details
Main Author: Fučík, Petr
Other Authors: Slepičková, Lenka
Format: Book Chapter
Language:Czech
Subjects:
Tags: Add Tag
No Tags, Be the first to tag this record!

MARC

LEADER 00000naa a2200000 4500
001 0193870
005 20230919102204.8
041 0 |a cze 
044 |a CZ 
245 1 0 |a Studenti, kteří odcházejí: kvantitativní analýza nedokončených vysokoškolských studií  |c Petr Fučík, Lenka Slepičková 
520 |a Štruktúra populácie odchádzajúcich študentov, ktorí neúspešne ukončili vysokoškolské štúdium alebo prestúpili do iných vzdelávacích inštitúcií. Príčiny odchodov a ich načasovanie. 
610 2 0 |a univerzity 
610 2 0 |a školy vysoké 
610 2 0 |a štúdium vysokoškolské 
610 2 0 |a výučba vedecká 
610 2 0 |a programy študijné 
610 2 0 |a študenti 
610 2 0 |a absolventi 
100 1 |a Fučík, Petr 
700 1 |a Slepičková, Lenka